000 00833 a2200229 4500
005 20140903174946.0
008 131202s2000 enkad fr|||| 001 0 eng d
020 _a9780582369405
040 _aCO-BoUCM
_bspa
_cJose A. Gerena
_dDiana Londoño
041 0 0 _aeng
100 1 _aHudson, Ray
_927983
245 1 0 _aProduction, Places and Environment changing perspectives in economic geography
_cRay Hudson
260 _aEastbourne (Sussex Oriental, Inglaterra)
_bPearson
_c2000
300 _axviii, 354 páginas
_bilustraciones, cuadros
504 _aIncluye referencias bibliográficas e índices
650 7 _910463
_aCapitalismo
650 7 _919488
_aMicroeconomía
650 7 _922424
_aProducción
690 _942881
_aMicroeconomía
942 _a7
_cLIBRO
_e1
_mH885
_2DEWEY
_h338.5
999 _c182119
_d182119